"Solidarność" do wojska!

Titel: "Solidarność" do wojska! : obozy wojskowe jako forma dotkliwej represji przeciw członkom "Solidarności" : katalog wystawy
Ausgabe: Wydanie I.
Veröffentlicht: Gdańsk : Instytut Dziedzictwa Solidarności, 2022
Umfang: 77, [3] Seiten : Fotografien,Illustrationen, Karten, Portraits ; 23x23 cm.
Format: Buch
Sprache: Polnisch
Schlagworte:
ISBN: 9788396562722 ; 8396562725
Buchumschlag
X
alg: 50943953
001A    $03019:07-07-23 
001B    $03025:07-02-24 $t11:49:52.000 
001D    $03019:07-07-23 
001U    $0utf8 
001X    $00 
002@    $0Aau 
002C    $aText $btxt $2rdacontent 
002C    $aunbewegtes Bild $bsti $2rdacontent 
002D    $aohne Hilfsmittel zu benutzen $bn $2rdamedia 
002E    $aBand $bnc $2rdacarrier 
003@    $0509439535 
004A    $A978-83-965627-2-2 $f((oprawa twarda)) 
004A    $083-965627-2-5 
006C    $01352959578 $aOCoLC 
007A    $0509439535 $aHEB 
010@    $apol 
011@    $a2022 $n2022 
013D    $RKatalog $#Exhibition catalogs $#Expositions $#Cataloghi di esposizioni $74135467-9 $8Ausstellungskatalog [Ts1] $9085499846 $y2022-2023 $zGdan̓sk 
021A    $a"Solidarność" do wojska! $dobozy wojskowe jako forma dotkliwej represji przeciw członkom "Solidarności" : katalog wystawy 
032@    $aWydanie I. 
033A    $pGdańsk $nInstytut Dziedzictwa Solidarności 
034D    $a77, [3] Seiten 
034I    $a23x23 cm. 
034M    $aFotografien,Illustrationen, Karten, Portraits 
037A    $aAusstellung: Stocznia Gdańska, 23.11.2022 - 31.01.2023. 
044A    $aNSZZ "Solidarność" $2dbn $S27 $N610 
044A    $aWojsko Polskie (1944- ) $2dbn $S27 $N610 
044A    $aNiezależny Samorządny Związek Zawodowy "Solidarność" $2jhpk $S27 $N610 
044A    $aPolska $2dbn $S#7 $N651 
044A    $aPolska $2jhpk $S#7 $vkatalogi wystaw $y1981-1983 (Stan wojenny) $N651 
044A    $aPolska $2jhpk $S#7 $vkatalogi wystaw $y1980-1981 (Powstanie Solidarności) $N651 
044A    $aObozy wojskowe $2dbn $S#7 $N650 
044A    $aOpozycja polityczna nielegalna $2dbn $S#7 $N650 
044A    $aPobór do wojska $2dbn $S#7 $N650 
044A    $aPRL $2dbn $S#7 $N650 
044A    $aStan wojenny w Polsce (1981-1983) $2dbn $S#7 $N650 
044A    $aOpozycja polityczna $2jhpk $S#7 $y1945-1990 $zPolska $N650 
044A    $aKatalog wystawy $2dbn $S#7 $N655 
044K    $#NSZZ "Solidarność" (Labor organization) $#Niezależny Samorządny Związek Zawodowy "Solidarność" $#"Solidarność" $#Solidarität Gewerkschaft $#Unabhängige Selbstverwaltete Gewerkschaft Solidarität $#USG Solidarität $71089046-4 $8NSZZ "Solidarność" [Tb1] $9042279771 
047C    $aObozy wojskowe jako forma dotkliwej represji przeciw członkom "Solidarności" 

lok: 50943953 66
101B    $007-07-23 $t11:37:23.000 
101C    $007-07-23 
101U    $0utf8 
144Z/01 $aPobór do wojska 
144Z/02 $aPRL 
144Z/03 $aOpozycja polityczna 

exp: 50943953 66 1 #EPN
201B/01 $007-07-23 $t11:37:23.000 
201C/01 $007-07-23 
201U/01 $0utf8 
203@/01 $01239429223 
208@/01 $a07-07-23 $bz 
209A/01 $aGk Sol/Woj $du $f000 $x00 
209C/01 $a23/d522G 
247C/01 $8618123-5 Darmstadt, Bibliothek des Deutschen Polen-Instituts $9102600902 

lok: 50943953 78

exp: 50943953 78 1 #EPN
201B/01 $007-02-24 $t11:49:52.000 
201C/01 $007-02-24 
201U/01 $0utf8 
203@/01 $01255756934 
208@/01 $a07-02-24 $be 
209A/01 $a/ $f000 $x00 
209A/01 $ab*p $x01 
220C/01 $apgar 
244Z/01 $#Generalgouvernement Polen $#Polska $#Rzeczpospolita Polska $#Polska Rzeczpospolita Ludowa $#Poland $#Pologne $#République Polonaise $#Generalne Gubernatorstwo w Polsce $#Polish People's Republic $#Polska Rzeczpospolita Polen $#PRL $#RP $#Polen Generalgouvernement $#Polska Generalgouvernement $#Besetzte Polnische Gebiete $#Besetztes Gebiet in Polen $#Okupowane Polskie Obszary $#Obszary Okupowane w Polsce $#Volksrepublik Polen $#Polska Rosyjska $#Republic Polen $#Respublika Pol'ša $#Pol'skaja Narodnaja Respublika $#République de Pologne $#Polen Links der Weichsel $#Polska po Lewej Stronie Wisły $#Lenkija $#Polija $#Gubernija Carstva Pol'skago $#Republik Polen $74046496-9 $8--Tg1--Polen $x01 $9085129801 
247C/01 $82080>Marburg/Lahn, Herder-Institut, Forschungsbibliothek, Bibliographieportal $9336309341
LEADER 00000cam a2200000 c 4500
001 509439535
003 DE-603
005 20240207114952.0
007 tu
008 230707s2022 xx |||| | u00||u|pol c
020 |a 9788396562722  |c ((oprawa twarda)) 
020 |a 8396562725 
035 |a (DE-599)HEB509439535 
040 |a DE-603  |b ger  |c DE-603  |d DE-603 
041 |a pol 
245 0 0 |a "Solidarność" do wojska!  |b obozy wojskowe jako forma dotkliwej represji przeciw członkom "Solidarności" : katalog wystawy 
246 1 0 |a Obozy wojskowe jako forma dotkliwej represji przeciw członkom "Solidarności" 
250 |a Wydanie I. 
264 1 |a Gdańsk  |b Instytut Dziedzictwa Solidarności  |c 2022 
300 |a 77, [3] Seiten  |b Fotografien,Illustrationen, Karten, Portraits  |c 23x23 cm. 
336 |a Text  |b txt  |2 rdacontent 
336 |a unbewegtes Bild  |b sti  |2 rdacontent 
337 |a ohne Hilfsmittel zu benutzen  |b n  |2 rdamedia 
338 |a Band  |b nc  |2 rdacarrier 
500 |a Ausstellung: Stocznia Gdańska, 23.11.2022 - 31.01.2023. 
610 1 7 |a NSZZ "Solidarność"  |2 gnd  |0 (DE-588)1089046-4  |0 (DE-603)042279771 
655 7 |a Ausstellungskatalog  |y 2022-2023  |z Gdan̓sk  |2 gnd-content  |0 (DE-588)4135467-9  |0 (DE-603)085499846 
924 0 |9 Ds 123  |a (DE-603)1239429223  |b DE-Ds123  |c HES  |d d  |g Gk Sol/Woj 
924 0 |9 2080  |a (DE-603)1255756934  |b DE-2080  |c HES  |d d  |g /